000 00524nam a2200157 i 4500
001 41583
003 ES-MaACL
007 t|
008 030311s1942 sp ||||1| spa d
100 1 _aCassinelli, Bruno.
_936356
245 1 0 _aHistoria de la locura
_b: = (Storia della pazzia) /
_cBruno Cassinelli ; trad. del italiano por J. Noguín.
260 _aBarcelona :
_bIberia J. Gil,
_c[1942] (
_fTalls. Gráfs. A. Núñez)
300 _a350 p. ;
_c23 cm.
700 1 _aNoguín, J.
_985897
852 _aES-MaACL
_jB-9824
_bR.19543
999 _c41583
_d41583